Trouve les personnages en images Dr/Docteur Quinn - Statistiques

Statistiques générales
  • Ce quiz a été pris 7 fois
  • Le résultat moyen est 11 sur 16
Statistiques - réponses
Par images Réponse % Correct
Brian
83%
Byron Sully
83%
Colleen
83%
Dr Michaela Quinn
83%
Grace
83%
Hank Lawson
83%
Horace Bing
83%
Jake Slicker
83%
Loren Bray
83%
Matthew
83%
Nuage Dansant
83%
Charlotte
67%
Robert E
50%
Bison Noir
33%
Révérend Timothy Johnson
33%
Elizabeth
17%
Aucun quiz correspondant
Distribution des résultats
% des personnes avec chaque résultat
Percentile par nombre de réponses
Votre historique - résultats
Vous n’avez pas pris ce quiz